000 00624cam a2200145 4500500
005 20251228052418.0
041 _afre
042 _adc
100 1 0 _aSévry, Jean
_eauthor
245 0 0 _aHUBERT, Jacques. — Rites traditionnels d’Afrique, Approche pour une théologie liturgique inculturée. Paris, l’Harmattan ; Libreville, Raponda Walker/Ndzé, 2002, 189 p.
260 _c2005.
500 _a33
786 0 _nCahiers d'études africaines | 177 | 1 | 2005-03-01 | p. 257d-303d | 0008-0055
856 4 1 _uhttps://shs.cairn.info/revue-cahiers-d-etudes-africaines-2005-1-page-257d?lang=fr&redirect-ssocas=7080
999 _c1583484
_d1583484